header

Footprints of destiny (Record no. 48720)

MARC details
000 -LEADER
fixed length control field 01047nam a2200277Ia 4500
100 1# - MAIN ENTRY--AUTHOR NAME
Personal name Nchami, Azanwi.
245 10 - TITLE STATEMENT
Title Footprints of destiny
260 ## - PUBLICATION, DISTRIBUTION, ETC. (IMPRINT)
Place of publication Mankon, Bamenda, Cameroon :
Name of publisher Langaa RPCIG,
Year of publication 2009.
300 ## - PHYSICAL DESCRIPTION
Number of Pages v, 152 p.
650 #0 - SUBJECT ADDED ENTRY--TOPICAL TERM
Topical Term Cameroonian fiction (English)
Topical Term Cameroonian literature (English)
856 40 - ELECTRONIC LOCATION AND ACCESS
Uniform Resource Identifier http://site.ebrary.com/lib/rucke/Doc?id=10344581

No items available.

© 2026 Rongo University
Contact us: librarian | system librarian | Rongo university